| 000 | 01153nam0a2200301 4500 | ||
|---|---|---|---|
| 001 | RU\NLR\bibl\918859 | ||
| 005 | 20260406112344.0 | ||
| 010 |
_a5-08-004050-5 _95000 |
||
| 021 |
_aRU _b2006-5425 _9257 |
||
| 035 | _a(NLR Aleph) 000907149 | ||
| 090 |
_a22541 _c22541 |
||
| 100 | _a20060321d2005 |||y0rusy50 ca | ||
| 101 | 0 | _arus | |
| 102 | _aRU | ||
| 105 | _aa ||||||||| | ||
| 200 | 1 |
_aДоктор Живаго _eроман _e[для старшего школьного возраста] _fБорис Пастернак _g[вступ. ст. Е.Б. Пастернака _gкоммент. Е.В. Пастернак] _gрис. Л.О. Пастернака |
|
| 210 |
_aМосква _cДетская литература _d2005 |
||
| 215 |
_a606, [1] с. _cил., портр. _d21 |
||
| 225 | 1 | _aШкольная библиотека | |
| 686 | _aШ9(2)62=Р7-4 | ||
| 700 | 1 |
_4070 _8rus _7ca _aПастернак _bБ.Л. _f1890-1960 _gБорис Леонидович _3RU\NLR\auth\7737 _9110152 |
|
| 801 | 0 |
_aRU _bNLR _c20060321 _grcr |
|
| 801 | 1 |
_aRU _bNLR _c20060321 |
|
| 942 | _cBOOK | ||
| 980 | _aNB | ||